[Event "Outaouais-ch Reserves"]
[Site "Gatineau"]
[Date "2018.05.01"]
[Round "5"]
[White "Arcand, Pierre"]
[Black "Berthiaume, Maxime"]
[Result "1-0"]
[WhiteElo "1173"]
[BlackElo "948"]
[PlyCount "59"]
[EventDate "2018.04.03"]
[EventType "swiss"]
[EventRounds "7"]
[EventCountry "CAN"]
[SourceTitle "EXT 2022"]
[Source "ChessBase"]
[SourceDate "2021.10.06"]
[SourceVersion "1"]
[SourceVersionDate "2021.10.06"]
[SourceQuality "1"]

1. e4 c6 2. Nf3 d5 3. exd5 cxd5 4. Bb5+ Bd7 5. Bxd7+ Qxd7 6. d4 e6 7. 0-0 Nc6 8. Re1 Bd6 9. Ne5 Qc7 10. Nf3 0-0-0 11. Nc3 Nh6 12. Nb5 Qb6 13. Nxd6+ Rxd6 14. Bf4 Rdd8 15. Rb1 Rdg8 16. Ne5 g5 17. Nxc6 Rg7 18. Be5 Rhg8 19. Ne7+ Kd7 20. Nxg8 Rxg8 21. Qd3 Rg6 22. b3 f6 23. Bg3 Nf5 24. f4 gxf4 25. Bf2 h5 26. a4 a6 27. Qf3 h4 28. Qxf4 Nd6 29. Qxh4 Ne4 30. Qh7+ 1-0

[Event "Outaouais-ch Reserves"]
[Site "Gatineau"]
[Date "2018.04.24"]
[Round "4"]
[White "Berthiaume, Maxime"]
[Black "Sabourin, Yves"]
[Result "0-1"]
[WhiteElo "948"]
[BlackElo "1501"]
[PlyCount "70"]
[EventDate "2018.04.03"]
[EventType "swiss"]
[EventRounds "7"]
[EventCountry "CAN"]
[SourceTitle "EXT 2022"]
[Source "ChessBase"]
[SourceDate "2021.10.06"]
[SourceVersion "1"]
[SourceVersionDate "2021.10.06"]
[SourceQuality "1"]

1. e4 e5 2. Nf3 Nf6 3. Nc3 Nc6 4. a3 d5 5. exd5 Nxd5 6. Nxd5 Qxd5 7. d3 Bg4 8. c4 Qd7 9. Be3 Nd4 10. Be2 Nxf3+ 11. gxf3 Bf5 12. f4 exf4 13. Bxf4 0-0-0 14. Be3 Bxd3 15. Bxd3 Qxd3 16. Qxd3 Rxd3 17. Bxa7 b6 18. 0-0 Kb7 19. Bxb6 cxb6 20. Rfe1 Bd6 21. b4 Ra8 22. c5 bxc5 23. bxc5 Bxc5 24. Rab1+ Kc6 25. Rbc1 Raxa3 26. Re7 Rf3 27. Rc2 Kd6 28. Ree2 Rf5 29. Rcd2+ Rd5 30. Rxd5+ Kxd5 31. Kg2 Ra6 32. Rd2+ Kc4 33. f4 Be3 34. Rd7 Rf6 35. Rc7+ Kd5 0-1

[Event "LEO-chB"]
[Site "Gatineau"]
[Date "2006.04.18"]
[Round "2"]
[White "Berthiaume, Maxime"]
[Black "Berthiaume, Serge"]
[Result "1-0"]
[WhiteElo "866"]
[BlackElo "1234"]
[PlyCount "117"]
[EventDate "2006.04.11"]
[EventType "swiss"]
[EventRounds "6"]
[EventCountry "CAN"]
[SourceTitle "EXT 2007"]
[Source "ChessBase"]
[SourceDate "2006.11.23"]
[SourceVersion "1"]
[SourceVersionDate "2006.11.23"]
[SourceQuality "1"]

1. e4 c6 2. d4 d5 3. e5 e6 4. Bd3 Nd7 5. Nf3 c5 6. Be3 Qc7 7. 0-0 cxd4 8. Bxd4 f6 9. Qe1 Qd8 10. exf6 Ndxf6 11. Bf5 Bd6 12. Bxe6 Bxe6 13. Qxe6+ Ne7 14. Bxf6 gxf6 15. Qxf6 Rf8 16. Qg7 Rf7 17. Qh8+ Rf8 18. Qxh7 Qb6 19. Nc3 0-0-0 20. Rad1 Qxb2 21. Rd3 Qxc2 22. Rfd1 Bb4 23. Nxd5 Nxd5 24. a3 Bxa3 25. h3 Nf6 26. Qf5+ Nd7 27. R1d2 Rxf5 28. Rxc2+ Kb8 29. Rxa3 Rd5 30. Rd2 Rxd2 31. Nxd2 b5 32. Rb3 a6 33. Rb4 Kb7 34. Nb3 Kb6 35. Nd4 Rc8 36. g4 a5 37. Rb3 b4 38. g5 Kc5 39. Rd3 Kc4 40. Rd2 a4 41. Rc2+ Kxd4 42. Rxc8 b3 43. Rd8 b2 44. Rxd7+ Kc3 45. Rd1 Kc2 46. Re1 a3 47. Re2+ Kd1 48. Kf1 b1Q 49. Re1+ Kc2 50. Rxb1 Kxb1 51. g6 a2 52. g7 a1Q 53. g8Q Kc2+ 54. Kg2 Qa6 55. Qg5 Kd1 56. Qd5+ Ke1 57. Kg3 Qg6+ 58. Kf3 Kf1 59. Qd1# 1-0